000 00686nam a2200181 a 4500
001 000048369
005 20201002061113.0
008 190213s2016 dr r 000 0 spa d
020 _a9789945588972
040 _aDO-SdBNP
_bspa
_cBNPHU
082 _axxxx
_bA324d
100 1 _aAlayón, Judith
_975782
245 1 0 _aDesde algún fondo oscuro del silencio y de la noche :
_bpoesía /
_cJudith Alayón.
260 _aSanto Domingo :
_bFerilibro,
_c2016.
300 _a65 p. ;
_c21 cm.
500 _aObra selecionada dentro de la convocatoria abierta para publicaciones con motivo de la XII Feria Regional del Libro Hato Mayor 2016. República Dominicana
590 _aInventariado, 2019 / DG
999 _c47857
_d47857